Music Quiz

Random Music or Missing Word Quiz

Complete the Lyrics: Elton John Quiz Stats

Quiz Updated Nov 7, 2015

Score 0/210 Timer 15:00
4 Plays Today
% Correct
time
87.6%
time
87.6%
time,
87.6%
rock
87.4%
Rock
87.4%
Rock
87.4%
rock
87.4%
Rock
87.4%
Rock
87.4%
think
86.3%
think
86.3%
think
86.3%
think
86.3%
man
86.1%
man
86.1%
man
86.1%
man
86.1%
man
86.1%
long,
86%
long
86%
long
86%
long,
86%
Long
86%
heart
83.7%
heart
83.7%
heart
83.7%
heart
83.7%
heart
83.7%
heart
83.7%
heart
83.7%
heart
83.7%
heart
83.7%
heart
83.7%
heart
83.7%
heart
83.7%
heart
83.7%
heart
83.7%
rocket
83.4%
Rocket
83.4%
Rocket
83.4%
rocket
83.4%
breaking
83%
breaking
83%
breaking
83%
breaking
83%
breaking
83%
breaking
83%
breaking
83%
breaking
83%
breaking
83%
breaking
83%
breaking
83%
breaking
83%
much
81.1%
much
81.1%
Crocodile
78%
Crocodile
78%
Crocodile
78%
Crocodile
78%
Crocodile
78%
Crocodile
78%
young
77.4%
hands
77.1%
fun
75.6%
remember
75.1%
kind
74.6%
kind
74.6%
high
73.8%
night,
73.5%
kite
73.2%
% Correct
Suzie
72.4%
Suzie
72.4%
Suzie
72.4%
tried
71.6%
couldn't
71.5%
thing
69.5%
called
68.5%
'round
68.2%
'Round
68.2%
own
67.4%
place
67.3%
place
67.3%
kids
66.7%
kids
66.7%
nobody
65.3%
nobody
65.3%
(nobody
65.3%
nobody
65.3%
nobody
65.3%
nobody
65.3%
stones
64.8%
skimmin'
64.8%
nine
63.6%
last
63%
last
63%
brings
62.9%
Rockin'
62.8%
Rockin'
62.8%
Rockin'
62.8%
packed
62.4%
bags
62%
touchdown
61.5%
biggest
61.3%
down
61.1%
down
61.1%
never
60.9%
never
60.9%
never
60.9%
out
60.7%
out
60.7%
miss
60.6%
miss
60.6%
wife
60.1%
home
59.6%
space
59.4%
cold
59.2%
feet
58.2%
still
57.9%
raise
57.8%
raise
57.8%
Earth
57.7%
lonely
57.5%
start
57.5%
start
57.5%
Clock
57.4%
hell
57.3%
years
57.3%
died
56.8%
left
56.8%
Right
56.7%
Right
56.7%
guy
56.7%
Zero
56.3%
clown
56%
clown
56%
Baby,
55.6%
guess
55.6%
days
55.5%
hour,
55.2%
make
55.2%
% Correct
boppin'
55.1%
Burnin'
55%
Burnin'
55%
fact,
55%
kick
54.9%
hoppin'
54.9%
five
54.8%
some
54%
better
53.7%
other
52.9%
sights
52.6%
sight
52.6%
Mars
52.5%
Chevy
51.6%
Chevy
51.6%
week
51.5%
alone
50.8%
nights,
50.7%
nights
50.7%
flight
50.6%
find
50.5%
pre-flight
50.3%
knew
50.2%
Honey,
49.4%
Honey,
49.4%
job
49.2%
keep
49%
While
48.3%
tight
48.1%
take
47.6%
wore
47.4%
again
47%
key
47%
understand
46.9%
restless
46.3%
blue
45%
life
45%
foreign
44.8%
such
44.6%
record
44.5%
machine
44.2%
Friday
43.3%
jeans
42.8%
would
41.6%
timeless
41.5%
dresses
41.1%
light
40.9%
door
39.8%
weight
39.7%
told
39.6%
science
37.8%
Dreamin'
34.9%
thought
34.5%
showed
33.4%
gold
32%
knocked
31.9%
babe
30.9%
fuse
29.3%
cryin'
27.1%
thrills
25.9%
past
25.6%
flame
25.4%
misunderstand
22.8%
spark
22.3%
weeks
21.9%
shockin',
20.7%
fast
20.2%
somethin'
19.9%
kill
19.3%
Learnin'
12.5%

You're not logged in!

Compare scores with friends on all Sporcle quizzes.
Join for Free
OR
Log In

You Might Also Like...

Show Comments

Extras

Top Quizzes Today


Score Distribution

Your Account Isn't Verified!

In order to create a playlist on Sporcle, you need to verify the email address you used during registration. Go to your Sporcle Settings to finish the process.

Report this User

Report this user for behavior that violates our Community Guidelines.

Details: